[Event "Olimpiade 2022 - Open"]
[Site "Chennai"]
[Date "29.07.2022"]
[Round "1.2"]
[White "Silva, David"]
[Black "Aronian, Levon"]
[Result "1/2-1/2"]
[WhiteElo "2315"]
[BlackElo "2775"]
[EventDate "29.07.2022"]
[Board "1"]
[WhiteFideId "10101314"]
[BlackFideId "13300474"]

1. e4 c5 2. Nf3 d6 3. Bb5+ Nd7 4. c3 Nf6 5. Bd3 Ne5 6. Nxe5 dxe5 7. Bc2 g6
8. d3 Bg7 9. Be3 b6 10. O-O O-O 11. h3 Ba6 12. Re1 Qd6 13. Na3 Rad8 14. Qf3
Nh5 15. Rad1 Bb7 16. Bb3 Kh8 17. Qg4 Qc6 18. Bd5 Rxd5 19. exd5 Qxd5 20. f3
Qc6 21. Qc4 Qd6 22. Qa4 Qb8 23. b4 cxb4 24. Qxb4 Re8 25. c4 Nf6 26. Nb5 Nd7
27. a4 a5 28. Qb1 Kg8 29. Bf2 Bc6 30. Qb3 Nc5 31. Bxc5 bxc5 32. Qc2 Bd7 33.
Rb1 Rc8 34. Qd2 Qb6 35. Rb3 Qd8 36. Reb1 Rb8 37. Qe3 e4 38. Qxe4 e6 39. Qf4
Be8 40. Kh1 h5 41. Qd6 Bf8 1/2-1/2

[Event "Olimpiade 2022 - Open"]
[Site "Chennai"]
[Date "29.07.2022"]
[Round "1.5"]
[White "Chekh Adm Khedr, Aram"]
[Black "Wojtaszek, Radoslaw"]
[Result "0-1"]
[WhiteElo "2147"]
[BlackElo "2708"]
[EventDate "29.07.2022"]
[Board "1"]
[WhiteFideId "7601948"]
[BlackFideId "1118358"]

1. e4 c5 2. Nf3 d6 3. d4 cxd4 4. Nxd4 Nf6 5. Nc3 a6 6. Be2 e6 7. O-O Qc7 8.
f4 Nc6 9. Kh1 Bd7 10. f5 Be7 11. fxe6 fxe6 12. Bh5+ g6 13. Bg4 Nxd4 14.
Qxd4 O-O 15. Bh3 e5 16. Qd3 Bxh3 17. Qxh3 Ng4 18. Be3 Rxf1+ 19. Rxf1 Qc4
20. Kg1 Nxe3 21. Qxe3 d5 22. Qd3 Qxd3 23. cxd3 Bc5+ 24. Kh1 dxe4 25. dxe4
Bd4 26. Nd5 Bxb2 27. h3 Rf8 28. Rb1 Rf2 29. Kh2 h5 30. Kg3 Rd2 31. a4 Kg7
32. Kf3 b5 33. axb5 axb5 34. Nc7 b4 35. Nd5 Bd4 36. h4 Rd3+ 37. Ke2 Rg3 38.
Rxb4 Rxg2+ 39. Kf3 Rf2+ 40. Kg3 Rf7 41. Rc4 Bf2+ 42. Kh3 Rf3+ 43. Kg2 Rf8
44. Kh3 Ra8 45. Rc7+ Kh6 46. Rc6 Ra7 47. Rc2 Be1 48. Re2 Ra3+ 49. Re3 Ra1
50. Rb3 Ba5 51. Kg2 Bd8 52. Rh3 Re1 53. Kf3 Rg1 54. Ne3 Bb6 55. Nd5 Bc5 56.
Rg3 Rh1 57. Rg5 Bd6 0-1

[Event "Olimpiade 2022 - Open"]
[Site "Chennai"]
[Date "29.07.2022"]
[Round "1.7"]
[White "L'Ami, Erwin"]
[Black "Ahmad, Al Khatib"]
[Result "1-0"]
[WhiteElo "2634"]
[BlackElo "2244"]
[EventDate "29.07.2022"]
[Board "2"]
[WhiteFideId "1007998"]
[BlackFideId "8103178"]

1. e4 c6 2. Nc3 d5 3. Nf3 Bg4 4. h3 Bxf3 5. Qxf3 e6 6. g3 Nf6 7. Bg2 Bc5 8.
O-O O-O 9. d3 Nbd7 10. Qe2 a5 11. a4 Qb6 12. Kh2 dxe4 13. dxe4 e5 14. Nd1
Qa6 15. Re1 Qxe2 16. Rxe2 b5 17. Bd2 b4 18. Ne3 Nb6 19. b3 Bd4 20. Rc1 g6
21. f3 c5 22. c3 bxc3 23. Bxc3 Rfb8 24. Be1 Ne8 25. f4 Rc8 26. fxe5 Bxe3
27. Rxe3 c4 28. Ra1 Nc7 29. Bf1 Ne6 30. Ra2 cxb3 31. Rxb3 Rc1 32. Rxb6 Rxe1
33. Bc4 Rc8 34. Bxe6 fxe6 35. Rxe6 Rxe4 36. Re7 Rcc4 37. h4 Rxa4 38. Rf2
Rab4 39. Rff7 Rxe5 40. Rg7+ Kf8 41. Ref7+ Ke8 42. Ra7 Kf8 43. Rxh7 Kg8 44.
Rag7+ Kf8 45. Ra7 Kg8 46. Rhg7+ Kf8 47. Rxg6 a4 48. Rf6+ Kg8 49. Kh3 Rc5
50. Rd6 Rc8 51. h5 Kh8 52. Rdd7 Rb5 53. g4 Rb1 54. Rxa4 Rc3+ 55. Kh4 Rh1+
56. Kg5 Rc5+ 57. Kf4 Rf1+ 58. Kg3 Rc3+ 59. Kg2 Rf8 60. Rad4 Rb8 61. Rd3
Rbb3 62. Rxc3 Rxc3 63. Rf7 Kg8 64. Rf3 Rc1 65. Kg3 Kh7 66. Kh4 Rc5 67. Rf7+
Kg8 68. Rf5 Rc7 69. h6 Kh7 70. Kh5 Rc1 71. Rf7+ Kg8 72. Rg7+ Kh8 73. Ra7
Rc5+ 74. g5 Rb5 75. Re7 Ra5 76. Kg6 Ra6+ 77. Kf5 Ra5+ 78. Kf6 Ra6+ 79. Re6
Ra8 80. g6 Rf8+ 81. Kg5 Ra8 82. h7 Ra7 83. Re8+ 1-0

[Event "Olimpiade 2022 - Open"]
[Site "Chennai"]
[Date "29.07.2022"]
[Round "1.7"]
[White "Aboudi, Marwan"]
[Black "Bok, Benjamin"]
[Result "0-1"]
[WhiteElo "2144"]
[BlackElo "2616"]
[EventDate "29.07.2022"]
[Board "3"]
[WhiteFideId "8100160"]
[BlackFideId "1017063"]

1. d4 Nf6 2. Nf3 d5 3. c4 e6 4. Nc3 dxc4 5. e3 a6 6. Bxc4 b5 7. Be2 Bb7 8.
a3 c5 9. dxc5 Qxd1+ 10. Bxd1 Bxc5 11. b4 Bd6 12. Bb2 Nbd7 13. O-O Ke7 14.
Bb3 Bxf3 15. gxf3 Ne5 16. Kg2 Rac8 17. Ne2 Nc4 18. Bxf6+ gxf6 19. Bxc4
Rhg8+ 20. Kh1 Rxc4 21. Rac1 Rgc8 22. f4 e5 23. Kg2 Rxc1 24. Rxc1 Rxc1 25.
Nxc1 exf4 26. exf4 Ke6 27. Kf3 Kd5 28. Ke3 Kc4 29. Ke4 Be7 30. f5 Kc3 31.
Nd3 Kb3 32. Kd4 Kxa3 33. Kc3 Bd6 34. h3 h6 0-1

[Event "Olimpiade 2022 - Open"]
[Site "Chennai"]
[Date "29.07.2022"]
[Round "1.8"]
[White "Volokitin, Andrei"]
[Black "Kulpruethanon, Thanadon"]
[Result "1-0"]
[WhiteElo "2674"]
[BlackElo "2294"]
[EventDate "29.07.2022"]
[Board "1"]
[WhiteFideId "14107090"]
[BlackFideId "6201610"]

1. e4 e5 2. Nf3 Nc6 3. Bb5 a6 4. Ba4 Nf6 5. O-O Be7 6. Re1 b5 7. Bb3 d6 8.
c3 O-O 9. h3 Re8 10. d4 Bb7 11. Nbd2 Bf8 12. a3 h6 13. Bc2 Nb8 14. b4 Nbd7
15. Bb2 g6 16. a4 Nb6 17. dxe5 dxe5 18. axb5 axb5 19. Qe2 c6 20. Rxa8 Qxa8
21. Ra1 Qb8 22. c4 Bxb4 23. cxb5 Bf8 24. Bb3 c5 25. Nc4 Bxe4 26. Nxb6 Qxb6
27. Ra6 Qd8 28. Rxf6 Qxf6 29. Qxe4 Bg7 30. Qc6 Qxc6 31. bxc6 e4 32. Bxg7
Kxg7 33. Nd2 f5 34. Nc4 Rc8 35. Ba4 Rc7 36. Nb6 Kf7 37. Nd5 Rc8 38. c7 Ke6
39. Bc6 Kd6 40. Bb7 Rxc7 41. Nxc7 Kxc7 42. Bd5 Kd6 43. Bf7 g5 44. Kf1 Ke5
45. Ke2 Kd4 46. Kd2 f4 47. Bg6 c4 48. Ke2 Ke5 49. Kd2 Kd4 50. f3 e3+ 51.
Kc2 c3 52. Bd3 e2 53. Bxe2 Ke3 54. Bd3 Kf2 55. Bf5 Kxg2 56. Bg4 Kg3 57.
Kxc3 Kh4 58. Kd4 h5 59. Bf5 Kg3 60. Ke4 Kh4 61. Ke5 Kg3 62. Kf6 Kxf3 63.
Kxg5 Ke3 64. Kxh5 f3 65. h4 1-0

[Event "Olimpiade 2022 - Open"]
[Site "Chennai"]
[Date "29.07.2022"]
[Round "1.10"]
[White "Isaakidis, Alexandros"]
[Black "Howell, David W L"]
[Result "0-1"]
[BlackTitle "GM"]
[WhiteElo "2165"]
[BlackElo "2689"]
[EventDate "29.07.2022"]
[Board "2"]
[WhiteFideId "5903076"]
[BlackFideId "410608"]

1. d4 Nf6 2. c4 e6 3. Nf3 b6 4. g3 Be7 5. Bg2 c6 6. Nc3 Ba6 7. Qa4 O-O 8.
O-O d5 9. Ne5 Qe8 10. Qc2 Nfd7 11. Nxd7 Qxd7 12. b3 dxc4 13. Rd1 cxb3 14.
axb3 Bb7 15. Ne4 h6 16. Bf4 Na6 17. Qc1 Nb4 18. Nc3 Rfd8 19. e4 Qe8 20. Na2
Rd7 21. Nxb4 Bxb4 22. Qc4 a5 23. h4 Rc8 24. Rd3 Qd8 25. Rad1 Ra8 26. e5 Ba6
27. Qxc6 Rc8 28. Qe4 Bxd3 29. Rxd3 Rc3 30. Bf1 Rxd3 31. Bxd3 g6 32. Be3 h5
33. Bb5 Rc7 34. Bc6 Kg7 35. d5 exd5 36. Bxd5 Rd7 37. Bc4 Bc5 38. Bg5 Be7
39. Bxf7 Rd1+ 40. Kh2 Kxf7 41. e6+ Kg7 42. Qf3 Bf6 43. Bxf6+ Qxf6 44. Qxd1
Qxf2+ 45. Kh1 Kf6 46. Qd8+ Kxe6 47. Qe8+ Kd5 48. Qxg6 Qf1+ 49. Kh2 Qf2+ 50.
Kh1 Qf1+ 51. Kh2 Qf2+ 52. Kh3 Qf1+ 53. Kh2 Qe2+ 54. Kg1 Qe1+ 55. Kh2 Qe2+
56. Kg1 b5 57. Qg5+ Ke4 58. Qg6+ Ke3 59. Qg5+ Ke4 60. Qg6+ Kd4 61. Qf6+ Qe5
62. Qb6+ Kd3 63. Kh1 b4 64. Qg6+ Qe4+ 0-1

[Event "Olimpiade 2022 - Open"]
[Site "Chennai"]
[Date "29.07.2022"]
[Round "1.11"]
[White "Nihal, Sarin"]
[Black "Sultan, Ibrahim"]
[Result "1-0"]
[WhiteElo "2651"]
[BlackElo "2108"]
[EventDate "29.07.2022"]
[Board "2"]
[WhiteFideId "25092340"]
[BlackFideId "9301143"]

1. e4 e5 2. Nf3 Nc6 3. Bb5 a6 4. Ba4 Nf6 5. O-O Be7 6. d3 b5 7. Bb3 d6 8.
Bd2 O-O 9. h3 Re8 10. Re1 Bf8 11. a3 h6 12. Nc3 Na5 13. Ba2 c6 14. b4 Nb7
15. Ne2 Be6 16. Bxe6 Rxe6 17. Ng3 d5 18. exd5 Qxd5 19. Qe2 Rae8 20. c4 Qd7
21. Bc3 e4 22. dxe4 Nxe4 23. Nxe4 Rxe4 24. Qxe4 Rxe4 25. Rxe4 Qd3 26. Re3
Qxc4 27. Rd1 Nd6 28. Be5 Nf5 29. Rc3 Qe4 30. Rd8 f6 31. Bb8 h5 32. Rc1 Kf7
33. Rd7+ Kg8 34. Re1 Qc4 35. Re8 Qc1+ 36. Kh2 Qxa3 37. Rdd8 Qxb4 38. Rxf8+
Qxf8 39. Rxf8+ Kxf8 40. g4 hxg4 41. hxg4 Ne7 42. Nd4 Ke8 43. Nb3 c5 44.
Nxc5 a5 45. Kg3 Nc6 46. Bc7 a4 47. Kf4 a3 48. Ke4 a2 49. Nb3 g6 50. Bb6 Kd7
51. f4 Nb4 52. Bd4 Ke6 53. f5+ gxf5+ 54. gxf5+ Kf7 55. Nc1 Kg7 56. Bc3 Kf7
57. Nb3 Nc6 58. Bb2 Kg7 59. Kd5 Nb4+ 60. Ke6 Nd3 61. Bxf6+ Kg8 62. Be5 1-0

[Event "Olimpiade 2022 - Open"]
[Site "Chennai"]
[Date "29.07.2022"]
[Round "1.11"]
[White "Mohamed, Saeed Laily"]
[Black "Adhiban, Baskaran"]
[Result "0-1"]
[WhiteElo "2030"]
[BlackElo "2598"]
[EventDate "29.07.2022"]
[Board "3"]
[WhiteFideId "9314946"]
[BlackFideId "5018471"]

1. d4 e6 2. e4 d5 3. Nc3 Nf6 4. e5 Nfd7 5. f4 c5 6. Nf3 Nc6 7. Be3 Be7 8.
Qd2 O-O 9. Bd3 f6 10. exf6 Bxf6 11. Be2 cxd4 12. Nxd4 Bxd4 13. Bxd4 e5 14.
Bxe5 Ndxe5 15. fxe5 d4 16. Nb5 Be6 17. O-O-O Rf2 18. Qe1 Rf5 19. Qd2 Qd5
20. b3 Rf2 21. Qe1 Qxg2 22. Rd2 Raf8 23. Nc7 d3 24. Nxe6 dxe2 25. Nxf8 Qxh1
26. Qxh1 Rf1+ 27. Kb2 Rxh1 28. Rxe2 Kxf8 29. c3 Ke7 30. Kc2 Ke6 31. Kd3
Nxe5+ 32. Ke4 Rg1 33. Kd4 Rd1+ 34. Ke4 g5 35. c4 h5 36. Rg2 Re1+ 37. Kd4 g4
0-1

[Event "Olimpiade 2022 - Open"]
[Site "Chennai"]
[Date "29.07.2022"]
[Round "1.14"]
[White "Jaiswal, Rupesh"]
[Black "Vokhidov, Shamsiddin"]
[Result "0-1"]
[WhiteElo "2083"]
[BlackElo "2552"]
[EventDate "29.07.2022"]
[Board "4"]
[WhiteFideId "12300870"]
[BlackFideId "14204223"]

1. e4 c5 2. Nf3 d6 3. Bb5+ Nd7 4. a4 Nf6 5. Nc3 a6 6. Bc4 Qa5 7. O-O b5 8.
Bd5 Nxd5 9. exd5 Bb7 10. Re1 Nf6 11. Qe2 b4 12. Ne4 Nxe4 13. Qxe4 c4 14.
Qxc4 Rc8 15. Qd3 Qxd5 16. Qxd5 Bxd5 17. Nd4 e5 18. c3 Kd7 19. Nc2 a5 20.
Ne3 Bb3 21. cxb4 axb4 22. d3 d5 23. Bd2 f6 24. Kf1 d4 25. Nc4 Bxc4 26. dxc4
Rxc4 27. Rec1 Rxc1+ 28. Rxc1 Bd6 29. Ke2 Ke6 30. Rc6 Rb8 31. b3 Kd5 32. Ra6
Bc5 33. g4 e4 34. Bf4 Rc8 35. Ra5 d3+ 36. Kd2 Ke6 37. Ra6+ Kd7 38. Be3
Bxe3+ 39. Kxe3 Rc2 40. Ra7+ Kc6 41. Ra6+ Kc7 42. Ra7+ Kc6 43. Ra6+ Kb7 44.
Rd6 Re2+ 45. Kf4 Kc7 46. Rd4 g5+ 47. Kf5 d2 48. Rd5 Kc6 49. Rd8 Rxf2+ 50.
Kxe4 Rxh2 51. Rd3 Rf2 52. Ke3 Rf4 53. Rxd2 Rxg4 54. Rf2 Rf4 55. Rh2 Rh4 56.
Rf2 Rh6 57. Rc2+ Kd5 0-1

[Event "Olimpiade 2022 - Open"]
[Site "Chennai"]
[Date "29.07.2022"]
[Round "1.19"]
[White "Liyanage, Ranindu Dilshan"]
[Black "Banusz, Tamas"]
[Result "1/2-1/2"]
[WhiteElo "2286"]
[BlackElo "2611"]
[EventDate "29.07.2022"]
[Board "3"]
[WhiteFideId "9915834"]
[BlackFideId "722413"]

1. e4 c5 2. Nf3 Nc6 3. Bb5 g6 4. O-O Bg7 5. Re1 Nf6 6. c3 O-O 7. d4 d5 8.
e5 Ne4 9. Bxc6 bxc6 10. Be3 Rb8 11. Qc1 cxd4 12. cxd4 Bf5 13. Nc3 f6 14.
exf6 exf6 15. Bf4 Rc8 16. Nd2 g5 17. Ncxe4 dxe4 18. Qc4+ Kh8 19. Bg3 Bg6
20. Qc5 Rf7 21. Rad1 Bf8 22. Qc3 Qd5 23. Nc4 Rb7 24. a3 Bf7 25. Nd2 Re8 26.
b4 Rd7 27. Nf1 Red8 28. Ne3 Qe6 29. Rc1 Rxd4 30. Qxc6 Kg8 31. h4 h6 32.
Qxe6 Bxe6 33. Nc2 Rc4 34. Ne3 Rxc1 35. Rxc1 f5 36. hxg5 hxg5 37. Be5 f4 38.
Bf6 Rd3 39. Nc2 g4 40. Nd4 Bd5 41. Ne2 Bh6 42. Be5 f3 43. Nf4 Rd2 44. gxf3
gxf3 45. Rc3 Bb7 46. b5 Rb2 47. a4 Ra2 48. Nh5 Kf7 49. Bf4 Kg6 50. Bxh6
Kxh6 51. Ng3 Kg5 52. Rc7 e3 53. fxe3 f2+ 54. Kf1 Bf3 1/2-1/2

[Event "Olimpiade 2022 - Open"]
[Site "Chennai"]
[Date "29.07.2022"]
[Round "1.22"]
[White "Boruchovsky, Avital"]
[Black "Willem Blijstra"]
[Result "1-0"]
[WhiteElo "2551"]
[BlackElo "2198"]
[EventDate "29.07.2022"]
[Board "1"]
[WhiteFideId "2800055"]
[BlackFideId "1018000"]

1. e4 c5 2. Nf3 d6 3. Bb5+ Nd7 4. Ba4 Nf6 5. O-O a6 6. c4 e5 7. Nc3 Be7 8.
Ne1 O-O 9. d3 Nb8 10. Nc2 Nc6 11. a3 Nd4 12. Nxd4 cxd4 13. Ne2 Ne8 14. Ng3
g6 15. f4 f5 16. exf5 gxf5 17. Qe2 Bf6 18. fxe5 Bxe5 19. Bf4 Bf6 20. Nh5
Ng7 21. Nxf6+ Qxf6 22. Rae1 Rf7 23. c5 Be6 24. Bxd6 Bd5 25. Qe5 1-0

[Event "Olimpiade 2022 - Open"]
[Site "Chennai"]
[Date "29.07.2022"]
[Round "1.28"]
[White "Fier, Alexandr"]
[Black "Beukes, Dante M"]
[Result "1-0"]
[WhiteElo "2558"]
[BlackElo "2234"]
[EventDate "29.07.2022"]
[Board "1"]
[WhiteFideId "2107139"]
[BlackFideId "15200540"]

1. e4 c5 2. Nf3 d6 3. d4 cxd4 4. Nxd4 Nf6 5. Nc3 a6 6. Be2 e5 7. Nb3 Be7 8.
Be3 Be6 9. Qd3 Nbd7 10. Nd5 Bxd5 11. exd5 O-O 12. g4 a5 13. g5 Ne8 14. h4
a4 15. Nd2 f5 16. gxf6 Nexf6 17. O-O-O Qc7 18. Kb1 a3 19. b3 Nc5 20. Qc3
Rac8 21. Bxc5 Qd8 22. b4 dxc5 23. Nc4 cxb4 24. Qxe5 Re8 25. Qe6+ Kh8 26.
Ne5 Rf8 27. h5 Ng8 28. d6 Bf6 29. d7 Rc5 30. Nf7+ Rxf7 31. Qxf7 Qc7 32. h6
Qe5 33. hxg7+ Bxg7 34. Qxg8+ 1-0

[Event "Olimpiade 2022 - Open"]
[Site "Chennai"]
[Date "29.07.2022"]
[Round "1.29"]
[White "Attalib, Osama A."]
[Black "Kuybokarov, Temur"]
[Result "0-1"]
[WhiteElo "2033"]
[BlackElo "2583"]
[EventDate "29.07.2022"]
[Board "1"]
[WhiteFideId "9206485"]
[BlackFideId "14203049"]

1. e4 e5 2. Nf3 Nc6 3. Bb5 a6 4. Bxc6 dxc6 5. d4 exd4 6. Qxd4 Qxd4 7. Nxd4
Bd7 8. Nc3 O-O-O 9. Be3 Ne7 10. O-O-O Ng6 11. Nb3 b6 12. f3 Be7 13. a3 f5
14. exf5 Bxf5 15. Nd4 Bd7 16. Ne4 h6 17. Rhe1 c5 18. Ne2 Nh4 19. Rg1 g5 20.
Bf2 Ng6 21. h3 h5 22. Be3 g4 23. hxg4 hxg4 24. Bg5 Bxg5+ 25. Nxg5 Rh2 26.
fxg4 Re8 27. Nc3 Bxg4 28. Nf3 Bxf3 29. gxf3 Nh4 30. Rgf1 Nf5 31. Rh1 Reh8
32. Rxh2 Rxh2 33. Rd2 Rh1+ 34. Rd1 Rh3 35. f4 Nd4 36. Rf1 Rh2 37. f5 Rxc2+
38. Kb1 Rh2 39. f6 Rh8 40. Nd5 Nc6 41. Nf4 Ne5 42. Re1 Rh4 43. Ne6 Nf7 44.
Ng7 Rf4 45. Nh5 Rf5 46. Re7 Nd6 47. Rh7 Rf2 48. Rh8+ Kb7 49. Rf8 Ne4 50. f7
Nd6 51. Ng7 Rxf7 52. Rxf7 Nxf7 53. Nf5 Nd6 54. Ne3 c4 55. Kc2 Kc6 56. Kc3
Kc5 57. Ng4 Ne4+ 58. Kc2 Kd4 59. Nh6 Ke5 60. Nf7+ Ke6 61. Nd8+ Kd5 62. Nf7
b5 63. Nh6 c5 64. Nf5 b4 65. Ne3+ Kd4 66. Nf5+ Ke5 67. Ne3 b3+ 68. Kc1 0-1

[Event "Olimpiade 2022 - Open"]
[Site "Chennai"]
[Date "29.07.2022"]
[Round "1.29"]
[White "Cheng, Bobby"]
[Black "Alhassadi, Yousef A."]
[Result "1-0"]
[WhiteElo "2540"]
[BlackElo "2068"]
[EventDate "29.07.2022"]
[Board "2"]
[WhiteFideId "4300033"]
[BlackFideId "9204725"]

1. Nf3 d5 2. c4 e6 3. g3 c5 4. cxd5 exd5 5. Bg2 Nc6 6. d4 Nf6 7. O-O c4 8.
b3 cxb3 9. axb3 Qb6 10. Nc3 Be7 11. Bg5 Be6 12. e3 O-O 13. Ne5 h6 14. Bxf6
Bxf6 15. Ng4 Bd8 16. Nxd5 Qb5 17. Nc3 Qb4 18. Na2 Qxb3 19. Qxb3 Bxb3 20.
Rfb1 Bxa2 21. Rxa2 Bb6 22. Bxc6 bxc6 23. Ne5 c5 24. d5 Rfd8 25. Nc6 Rf8 26.
e4 f6 27. f4 c4+ 28. Kg2 Rfe8 29. d6 1-0

[Event "Olimpiade 2022 - Open"]
[Site "Chennai"]
[Date "29.07.2022"]
[Round "1.35"]
[White "Kazakouski, Valery"]
[Black "Forbes, Garry"]
[Result "1-0"]
[WhiteElo "2528"]
[BlackElo "1908"]
[EventDate "29.07.2022"]
[Board "4"]
[WhiteFideId "13507443"]
[BlackFideId "10700331"]

1. d4 Nf6 2. c4 g6 3. g3 Bg7 4. Bg2 d6 5. Nf3 O-O 6. O-O c6 7. Nc3 Bf5 8.
Ng5 h6 9. e4 Bc8 10. Nf3 Nbd7 11. h3 e5 12. Be3 Re8 13. Qc2 a6 14. Rad1 Qc7
15. Rfe1 Rb8 16. Qc1 Kh7 17. c5 dxc5 18. dxe5 Ng8 19. Qd2 Nxe5 20. Nxe5
Bxe5 21. Bxc5 b6 22. Bd6 Bxd6 23. Qxd6 Qxd6 24. Rxd6 c5 25. Nd5 Be6 26.
Nxb6 Red8 27. Rxd8 Rxd8 28. Nd5 Kg7 29. Rc1 Rc8 30. Bf1 a5 31. b3 Nf6 32.
Ba6 Rc6 33. Bb7 Rd6 34. Nxf6 Kxf6 35. Rxc5 Rd2 36. Rxa5 Bxh3 37. e5+ Ke7
38. Bd5 Be6 39. Ra7+ Kf8 40. Bxe6 fxe6 41. b4 Rb2 42. a3 h5 43. Kg2 Re2 44.
b5 1-0

[Event "Olimpiade 2022 - Open"]
[Site "Chennai"]
[Date "29.07.2022"]
[Round "1.38"]
[White "Alharthi, Ahmed Mohammed A"]
[Black "Fawzy, Adham"]
[Result "0-1"]
[WhiteElo "1935"]
[BlackElo "2431"]
[EventDate "29.07.2022"]
[Board "2"]
[WhiteFideId "21522642"]
[BlackFideId "10613129"]

1. d4 Nf6 2. Bf4 g6 3. Nd2 Bg7 4. e4 d6 5. c3 Nbd7 6. Ngf3 O-O 7. Bd3 e5 8.
Bg5 h6 9. Bh4 c6 10. O-O Qc7 11. Qc2 Nh5 12. Bg3 Nxg3 13. hxg3 Nf6 14. Rfe1
exd4 15. cxd4 Ng4 16. Rad1 Bd7 17. Nb3 Rae8 18. Nc1 c5 19. Ne2 b5 20. Nf4
Rc8 21. Nd5 Qd8 22. Qd2 cxd4 23. Bb1 Be6 24. Nf4 Qb6 25. Nxd4 Rc4 26. Nf3
Re8 27. Rf1 Be5 28. a3 Rcc8 29. Nxe6 Rxe6 30. Nxe5 dxe5 31. Qd7 Rc7 32.
Qd8+ Kg7 33. Qh4 h5 34. Rd3 Nxf2 35. Rxf2 Rc1+ 0-1

[Event "Olimpiade 2022 - Open"]
[Site "Chennai"]
[Date "29.07.2022"]
[Round "1.38"]
[White "Alrehaili, Ahmed Abdullah S"]
[Black "Wageih, Kareim"]
[Result "1/2-1/2"]
[WhiteElo "1986"]
[BlackElo "2387"]
[EventDate "29.07.2022"]
[Board "4"]
[WhiteFideId "21518840"]
[BlackFideId "10604561"]

1. e4 c5 2. Nf3 e6 3. b3 Nf6 4. e5 Nd5 5. Bb2 Nc6 6. g3 b6 7. Bg2 Bb7 8.
O-O Qc7 9. Na3 a6 10. Nc4 Qd8 11. d4 b5 12. Nd6+ Bxd6 13. exd6 c4 14. bxc4
bxc4 15. c3 O-O 16. Nd2 Na5 17. Rb1 Bc6 18. Qc2 Rb8 19. Ba3 Rb5 20. Bb4
Nxb4 21. cxb4 Bxg2 22. Kxg2 Qa8+ 23. Kg1 Nc6 24. Qxc4 Rd5 25. Nb3 Rxd6 26.
Rfd1 Na7 27. d5 exd5 28. Qc5 Rc6 29. Qe7 Nb5 30. Nd4 Nc3 31. Nxc6 dxc6 32.
Qc5 Nxb1 33. Rxb1 Re8 34. Rc1 Re6 35. a4 h5 36. h4 Qe8 37. b5 cxb5 38. axb5
Qxb5 39. Qxb5 axb5 40. Rc8+ Kh7 41. Rb8 Re1+ 42. Kg2 Rb1 43. Rd8 Rd1 44.
Rb8 Rb1 45. Rd8 f6 46. Rxd5 Kg6 47. Kf3 b4 48. Rb5 b3 49. Rb7 Kh6 50. Rb6
Kh7 51. Ke2 b2 52. Kf3 g5 53. hxg5 fxg5 54. Rb7+ Kg6 55. Rb6+ Kf5 56. Rb5+
Ke6 57. Rb6+ Kd5 58. Rb5+ Kc4 59. Rb8 Kc3 60. Rc8+ Kd2 61. Rb8 Kc2 62. Rc8+
Kd1 63. Rb8 h4 64. gxh4 gxh4 65. Kg2 h3+ 66. Kh2 Kc2 67. Rc8+ Kd3 68. Rb8
Kc3 69. Rc8+ Kd4 70. Rb8 Kc5 71. Rb7 Kc6 72. Rb8 Kc7 73. Rb3 Kd6 74. Rb8
Ke5 75. f4+ Kd5 1/2-1/2

[Event "Olimpiade 2022 - Open"]
[Site "Chennai"]
[Date "29.07.2022"]
[Round "1.39"]
[White "Djukic, Nikola"]
[Black "Amini, Habibullah"]
[Result "1-0"]
[WhiteElo "2526"]
[BlackElo "2035"]
[EventDate "29.07.2022"]
[Board "2"]
[WhiteFideId "922412"]
[BlackFideId "11700777"]

1. e4 d6 2. d4 Nf6 3. Nc3 g6 4. Be3 Nbd7 5. h3 c6 6. a4 Qa5 7. Bd3 Bg7 8.
Nf3 O-O 9. O-O e5 10. Qd2 Nh5 11. Rfd1 Nb6 12. dxe5 dxe5 13. Nb1 Qxd2 14.
Nbxd2 Nf4 15. Bf1 Be6 16. Ng5 h6 17. Nxe6 Nxe6 18. a5 Nd7 19. Nb3 Rfd8 20.
Bc4 Nd4 21. Bxd4 exd4 22. f4 Nf6 23. e5 Nh5 24. Rf1 Ng3 25. Rf3 Nf5 26. Bd3
Rac8 27. Nc5 b6 28. Nb7 Rd7 29. Bxf5 gxf5 30. Nd6 Rb8 31. Nxf5 Bf8 32. Rb3
c5 33. axb6 axb6 34. c4 Rdb7 35. Rb5 f6 36. e6 Re8 37. Re1 Kh7 38. Rb3 Kg6
39. g4 1-0

[Event "Olimpiade 2022 - Open"]
[Site "Chennai"]
[Date "29.07.2022"]
[Round "1.40"]
[White "Urazayev, Arystanbek"]
[Black "Hsu, Hsuan-Ming"]
[Result "1/2-1/2"]
[WhiteElo "2430"]
[BlackElo "1900"]
[EventDate "29.07.2022"]
[Board "3"]
[WhiteFideId "13709810"]
[BlackFideId "16300823"]

1. d4 Nf6 2. c4 g6 3. Nc3 Bg7 4. e4 d6 5. Be2 O-O 6. Be3 e5 7. d5 a5 8. h4
h5 9. f3 Na6 10. Qd2 Nc5 11. O-O-O Bd7 12. Nh3 Ra6 13. Nf2 a4 14. Nd3 Qe7
15. Kb1 Rfa8 16. Qc2 Rb6 17. Nxc5 dxc5 18. Nb5 Ne8 19. g4 f5 20. gxf5 gxf5
21. Rdg1 f4 22. Bf2 Rh6 23. Rg5 Kh7 24. Rhg1 Bf6 25. Rg8 b6 26. Nc3 Qf7 27.
R8g2 Nd6 28. Bd3 Bh3 29. Rh2 Bd7 30. Ne2 Kh8 31. Qc3 Re8 32. Bc2 Rh7 33.
Rhg2 Rg7 34. Rxg7 Bxg7 35. Qd3 Bf6 36. Nc3 Rg8 37. Rxg8+ Qxg8 38. Qf1 Qd8
39. Qe1 Qa8 40. Bd3 Kh7 41. Bf1 Qa5 42. Kc2 Qb4 43. Nb1 Qxe1 44. Bxe1 Nc8
45. Nc3 Ne7 46. Nb5 Bxb5 47. cxb5 Ng6 48. b3 Nxh4 1/2-1/2

[Event "Olimpiade 2022 - Open"]
[Site "Chennai"]
[Date "29.07.2022"]
[Round "1.41"]
[White "Abdirahman Omar Sheikh"]
[Black "Sebenik, Matej"]
[Result "1/2-1/2"]
[WhiteElo "2051"]
[BlackElo "2512"]
[EventDate "29.07.2022"]
[Board "1"]
[WhiteFideId "16100085"]
[BlackFideId "14602296"]

1. d4 Nf6 2. c4 g6 3. Nf3 Bg7 4. Nc3 O-O 5. e4 d6 6. Be2 e5 7. dxe5 dxe5 8.
Qxd8 Rxd8 9. Bg5 c6 10. O-O Bg4 11. Rfd1 Na6 12. h3 Bxf3 13. Bxf3 Nc5 14.
Rxd8+ Rxd8 15. Be3 Bf8 16. Kf1 a5 17. Bxc5 Bxc5 18. Rd1 Rxd1+ 19. Nxd1 Bd4
20. Ke1 Nd7 21. b3 Nc5 22. Kd2 b5 23. cxb5 cxb5 24. Nc3 b4 25. Nd5 Kf8 26.
Ke2 f5 27. exf5 gxf5 28. g4 f4 29. Nf6 a4 30. bxa4 Nxa4 31. Ne4 h6 32. Kd3
Ke7 33. Kc4 Nc3 34. Nxc3 bxc3 35. Be4 Kf6 36. f3 Kg5 37. Kd3 Kh4 38. a4
Kxh3 39. a5 Kg3 40. a6 Kf2 41. a7 Bxa7 42. Kxc3 1/2-1/2

[Event "Olimpiade 2022 - Open"]
[Site "Chennai"]
[Date "29.07.2022"]
[Round "1.41"]
[White "Islam Sh.Nour, Kassim"]
[Black "Markoja, Boris"]
[Result "0-1"]
[WhiteElo "1873"]
[BlackElo "2452"]
[EventDate "29.07.2022"]
[Board "3"]
[WhiteFideId "16100360"]
[BlackFideId "14608502"]

1. b3 e5 2. Bb2 Nc6 3. e3 d5 4. Bb5 Bd6 5. Nf3 f6 6. c4 a6 7. Ba4 dxc4 8.
Bxc6+ bxc6 9. bxc4 Be6 10. Qc2 c5 11. O-O Ne7 12. d4 exd4 13. exd4 O-O 14.
d5 Bf7 15. Nbd2 c6 16. dxc6 Nxc6 17. a3 Qc7 18. Rfe1 Rfd8 19. Qf5 Qd7 20.
Qe4 Rab8 21. Bc3 Nd4 22. Qh4 Nc2 23. Ne4 Be7 24. Qg3 Nxe1 25. Bxf6 Nxf3+
26. gxf3 Bg6 27. Be5 Rb3 28. h4 Qf5 29. Nc3 Bf6 30. Bxf6 Qxf6 31. Nd5 Qxa1+
0-1